Hôn nhân và gia đình của dân tộc RagLai ở Khánh Hòa

Nội dung sách bao gồm: tổng quan tình hình nghiên cứu, một số khái niệm và khái quát về nguwòi Raglai ở Khánh Hòa; các yếu tố tác động đến biến đổi, giải pháp bảo tồn phát huy các giá trị tốt đẹp, hạn chế yếu tố tiêu cực......

وصف كامل

محفوظ في:
التفاصيل البيبلوغرافية
المؤلف الرئيسي: Nguyễn, Ngọc Thanh
التنسيق: كتاب
اللغة:Undetermined
منشور في: Hà Nội Khoa học - Xã hội 2018
الموضوعات:
الوسوم: إضافة وسم
لا توجد وسوم, كن أول من يضع وسما على هذه التسجيلة!
Thư viện lưu trữ: Trung tâm Học liệu Trường Đại học Cần Thơ
LEADER 01043nam a2200217Ia 4500
001 CTU_229124
008 210402s9999 xx 000 0 und d
082 |a 398.09597 
082 |b Th107 
100 |a Nguyễn, Ngọc Thanh 
245 0 |a Hôn nhân và gia đình của dân tộc RagLai ở Khánh Hòa 
245 0 |c Nguyễn Ngọc Thanh (Chủ biên) 
260 |a Hà Nội 
260 |b Khoa học - Xã hội 
260 |c 2018 
520 |a Nội dung sách bao gồm: tổng quan tình hình nghiên cứu, một số khái niệm và khái quát về nguwòi Raglai ở Khánh Hòa; các yếu tố tác động đến biến đổi, giải pháp bảo tồn phát huy các giá trị tốt đẹp, hạn chế yếu tố tiêu cực... 
650 |a Văn hóa dân gian,Folklore 
650 |z Việt Nam,Vietnam 
904 |i Châu Thiên Phúc,Hải 
910 |a Tuyến 
980 |a Trung tâm Học liệu Trường Đại học Cần Thơ